000 00907nam a2200253Ia 4500
003 OSt
005 20200821232148.0
008 191128s1985 ck gr 000 0 spa d
020 _a9586040321
040 _aCO-JMCR
_cCO-JMCR
041 0 _aspa
082 0 4 _a347.01 /
_bO771d
_223
100 _aOrtega R., J. Ramón,
_eautor
_99091
245 1 0 _aDe las excepciones previas y de mérito /
_cJ. Ramón Ortega R.
250 _aSegunda edición
260 _aBogotá :
_bTemis,
_c1985
300 _axii, 190 páginas ;
_c22 cm.
505 0 _aDe las excepciones en general -- Excepciones en la filiación extra matrimonial y en el contrato de promesa -- Las excepciones de mérito son absolutas o relativas. Cuáles pueden proponerse como previas
650 1 4 _aActos jurídicos
_99092
650 1 4 _aContratos
_97699
650 1 4 _aObligaciones
_99093
650 1 4 _aDerecho civil
_99094
942 _2ddc
_cBK
999 _c4252
_d4252